000 00734pam a2200241 a 4500
001 3941424
005 20180208043304.0
008 930210s1994 nyua b 001 0 eng c
010 _a 93012430
020 _a0827349637
040 _aDNLM/DLC
_cDLC
_dDLC
041 _aeng
060 _aWA 590 M918 1994
080 _a613
082 0 0 _a613 ELD
_220
100 _a4
101 _aSHM
245 0 0 _aMotivating health behavior /
_cJohn P. Elder ... [et al.].
504 _aIncludes bibliographical references and index.
906 _a7
_bcbc
_corignew
_d1
_eocip
_f19
_gy-gencatlg
942 _2ddc
_cBK
999 _c42103
_d42103